000 00347nam a2200133Ia 4500
008 240624s9999 xx 000 0 und d
041 _aeng
082 _a006.35 VEA
100 _aVEALE TONY
245 _aTWITTERBOTS MAKING MACHINES THAT MAKE ME
260 _c2018
_aCambridge, London
_bThe MIT Press
300 _ai,-352-P.;23cm
365 _c
_b33
999 _c32799
_d32799